Prevención de la Nefropatía por contraste endovenoso (Registro nro. 5042)

Detalles MARC
000 -CABECERA
campo de control de longitud fija 00571nam a22001937a 4500
003 - IDENTIFICADOR DEL NÚMERO DE CONTROL
campo de control AR-RoIUNI
005 - FECHA Y HORA DE LA ÚLTIMA TRANSACCIÓN
campo de control 20190816150813.0
008 - DATOS DE LONGITUD FIJA--INFORMACIÓN GENERAL
campo de control de longitud fija 190816b xxu||||| |||| 00| 0 spa d
040 ## - FUENTE DE LA CATALOGACIÓN
Centro/agencia transcriptor AR-RoIUNI
080 ## - NÚMERO DE LA CLASIFICACIÓN DECIMAL UNIVERSAL
Número de la Clasificación Decimal Universal 001
100 1# - ENTRADA PRINCIPAL--NOMBRE DE PERSONA
Nombre de persona Riccobelli, Nicolás
245 10 - MENCIÓN DE TÍTULO
Título Prevención de la Nefropatía por contraste endovenoso
Mención de responsabilidad, etc. , [director] ,[co-director]
260 ## - PUBLICACIÓN, DISTRIBUCIÓN, ETC. (PIE DE IMPRENTA)
Lugar de publicación, distribución, etc. Rosario
Nombre del editor, distribuidor, etc. IUNIR
300 ## - DESCRIPCIÓN FÍSICA
Extensión 29 p.
490 1# - MENCIÓN DE SERIE
Mención de serie Carrera de especialización en Nefrología
650 10 - PUNTO DE ACCESO ADICIONAL DE MATERIA--TÉRMINO DE MATERIA
9 (RLIN) 310
Término de materia o nombre geográfico como elemento inicial Nefrología
830 ## - PUNTO DE ACCESO ADICIONAL DE SERIE-TÍTULO UNIFORME
9 (RLIN) 583
Título uniforme Carrera de especialización en Nefrología
942 ## - ELEMENTOS DE PUNTO DE ACCESO ADICIONAL (KOHA)
Fuente del sistema de clasificación o colocación Clasificación Decimal Universal
Tipo de ítem Koha Trabajos de especialización
Existencias
Estado de retiro Estado de pérdida Fuente del sistema de clasificación o colocación Estado dañado Excepción de préstamo Localización permanente Ubicación/localización actual Ubicación en estantería Fecha de adquisición Número de inventario Total de préstamos Signatura topográfica completa Código de barras Fecha visto por última vez Precio válido a partir de Tipo de ítem Koha
    Clasificación Decimal Universal     BIBLIOTECA CENTRAL BIBLIOTECA CENTRAL BIBLIOTECA CENTRAL 16/08/2019 6558   001 6558s 16/08/2019 16/08/2019 Trabajos de especialización